[Event "1/32 Finale"]
[Site "www.chess-mail.com"]
[Date "2016.06.25"]
[Round "1"]
[White "Sandokam"]
[Black "Fangshuo"]
[WhiteElo "2100"]
[BlackElo "2110"]
[Result "1-0"]
[Round "1"]
1.c4 e5
2.Nb1c3 Ng8f6
3.g3 c6
4.Bf1g2 d5
5.cxd5 cxd5
6.Ng1f3 Nb8c6
7.d3 Bf8b4
8.O-O O-O
9.Bc1g5 Bb4xc3
10.bxc3 Bc8g4
11.h3 Bg4h5
12.Rf1e1 Qd8d6
13.Bg5xf6 Qd6xf6
14.g4 Bh5g6
15.Nf3d2 e4
16.dxe4 dxe4
17.Nd2xe4 Bg6xe4
18.Bg2xe4 Qf6xc3
19.Ra1c1 Qc3xh3
20.f3 Qh3g3
21.Kf1 Ra8d8
22.Qd1c2 Rd8d6
23.e3 Rd6h6
24.Qc2g2 Qg3e5
25.f4 Qe5a5
26.Rc1c2 Nc6b4
27.Rc2b2 b6
28.Re1e2 Nb4a6
29.g5 Rh6d6
30.Qg2h3 g6
31.Re2h2 Rd6d1
32.Kg2 Rd1d2
33.Kf3 Rd2xh2
34.Rb2xh2 Rf8e8
35.Qh3xh7 Kf8
36.Qh7h8 Ke7
37.Qh8f6 Kd7
38.Be4c6 { resign }
1-0

[Event "Tourn. n8822"]
[Site "www.chess-mail.com"]
[Date "2016.06.26"]
[Round "1"]
[White "Gatrooper"]
[Black "Pwain"]
[WhiteElo "1600"]
[BlackElo "1829"]
[Result "0-1"]
[Round "1"]
1.e4 e5
2.a3 Ng8f6
3.Nb1c3 Bf8c5
4.d3 O-O
5.Bc1e3 Bc5xe3
6.fxe3 d5
7.exd5 Nf6xd5
8.Nc3xd5 Qd8xd5
9.e4 Qd5b5
10.d4 Qb5xb2
11.Ng1f3 Qb2c3
12.Nf3d2 Qc3xd4
13.c3 Qd4e3
14.Bf1e2 Rf8d8
15.Ra1a2 Bc8e6
16.Rh1f1 Be6xa2
17.Rf1f3 Qe3g1
18.Rf3f1 Qg1xh2
19.Qd1a1 Ba2e6
20.Nd2f3 Qh2g3
21.Rf1f2 Nb8d7
22.Qa1b2 Nd7f6
23.c4 Nf6g4
24.Be2f1 Ng4xf2
25.Qb2xf2 Qg3f4
26.Bf1e2 Qf4c1
27.Be2d1 Qc1xd1
{ resign }
0-1

[Event "Tourn. n8836"]
[Site "www.chess-mail.com"]
[Date "2016.06.26"]
[Round "1"]
[White "Mitja"]
[Black "Kampungboy"]
[WhiteElo "1950"]
[BlackElo "2010"]
[Result "0-1"]
[Round "1"]
1.d4 Ng8f6
2.e3 g6
3.c3 Bf8g7
4.h3 d6
5.Ng1e2 O-O
6.Ne2g3 Nb8d7
7.Nb1d2 c5
8.dxc5 Nd7xc5
9.Nd2b3 b6
10.Nb3xc5 bxc5
11.Bf1e2 Ra8b8
12.O-O Bc8b7
13.Be2f3 Qd8c7
14.Qd1c2 Bb7xf3
15.gxf3 h5
16.b3 Nf6d7
17.f4 c4
18.Bc1b2 Nd7c5
19.b4 Nc5d3
20.a3 a5
21.Ra1b1 d5
22.Ng3e2 e5
23.fxe5 Qc7xe5
24.f4 Qe5xe3
25.Kg2 Rf8e8
{ resign }
0-1

[Event "Tourn. n8801"]
[Site "www.chess-mail.com"]
[Date "2016.06.26"]
[Round "1"]
[White "Francesco"]
[Black "Claudia"]
[WhiteElo "2000"]
[BlackElo "1960"]
[Result "0-1"]
[Round "1"]
1.e4 c5
2.c3 d5
3.exd5 Qd8xd5
4.d4 Ng8f6
5.Bf1e2 Qd5xg2
6.Be2f3 Qg2g6
7.dxc5 e5
8.Nb1d2 e4
9.Bf3e2 Qg6g2
10.Be2f3 exf3
11.Nd2xf3 Qg2xh1
12.Qd1e2 Bf8e7
13.Bc1g5 Bc8e6
14.O-O-O O-O
15.Ng1h3 Qh1g2
16.Nh3f4 Qg2g4
17.Rd1g1 Qg4f5
18.Bg5h6 g6
19.Bh6xf8 Qf5xf4
20.Kb1 Be7xf8
{ resign }
0-1

[Event "Tourn. n8791"]
[Site "www.chess-mail.com"]
[Date "2016.06.26"]
[Round "1"]
[White "Cal"]
[Black "Jjmcbride"]
[WhiteElo "1530"]
[BlackElo "1640"]
[Result "1-0"]
[Round "1"]
1.c4 e5
2.e4 Ng8f6
3.a3 Nf6xe4
4.Ng1f3 Bf8d6
5.Nb1c3 Ne4xc3
6.bxc3 Nb8c6
7.d3 Qd8e7
8.Bc1e3 h6
9.h3 Bd6c5
10.Bf1e2 Bc5xe3
11.fxe3 d6
12.O-O Bc8d7
13.Qd1c2 O-O-O
14.d4 f6
15.d5 Nc6a5
16.a4 e4
17.Nf3d4 Rd8f8
18.Ra1b1 a6
19.Qc2b2 b6
20.c5  { time }
1-0

[Event "Tourn. n8782"]
[Site "www.chess-mail.com"]
[Date "2016.06.26"]
[Round "1"]
[White "Claudia"]
[Black "Vitoriccardo"]
[WhiteElo "1870"]
[BlackElo "1920"]
[Result "0-1"]
[Round "1"]
1.d4 Ng8f6
2.c4 c5
3.d5 b5
4.Qd1c2 Bc8b7
5.e4 bxc4
6.Bf1xc4 g6
7.Nb1c3 Bf8g7
8.Ng1e2 O-O
9.O-O Nf6g4
10.f4 Nb8a6
11.a3 Na6c7
12.h3 Ng4f6
13.Bc1e3 d6
14.g4 Bb7c8
15.Ne2g3 Nf6d7
16.Ra1e1 Nd7b6
17.Bc4a2 Bc8a6
18.Rf1f2 Ra8c8
19.h4 Bg7d4
20.h5 Ba6c4
21.hxg6 fxg6
22.Rf2h2 Bc4xa2
23.Nc3xa2 Bd4xe3
24.Re1xe3 Rf8xf4
25.Ng3f5 Rf4xg4
26.Kf1 gxf5
27.Re3h3 Rg4f4
28.Kg1 Rf4g4
29.Kh1 Rg4xe4
30.Rh3xh7 Qd8d7
31.Qc2g2 Re4g4
32.Qg2h3 Qd7b5
33.Rh7h8 Kf7
34.Rh2f2 Rc8xh8
35.Qh3xh8 Qb5d3
36.Qh8h5 Kg8
{ resign }
0-1

[Event "Tourn. n8781"]
[Site "www.chess-mail.com"]
[Date "2016.06.26"]
[Round "1"]
[White "Francesco"]
[Black "Claudia"]
[WhiteElo "1950"]
[BlackElo "1870"]
[Result "1/2-1/2"]
[Round "1"]
1.e4 c5
2.c3 d5
3.exd5 Qd8xd5
4.d4 Ng8f6
5.Bf1e2 cxd4
6.Qd1xd4 Qd5xd4
7.cxd4 Nb8c6
8.Ng1f3 Bc8g4
9.Bc1e3 e6
10.O-O Bf8e7
11.Nb1c3 O-O
12.h3 Bg4f5
13.Nf3e5 Nc6b4
14.Be2d1 Nb4d5
15.Nc3xd5 Nf6xd5
16.g4 Nd5xe3
17.fxe3 Bf5e4
18.Ra1c1 f6
19.Ne5d7 Rf8d8
20.Nd7c5 Be7xc5
21.Rc1xc5 Ra8c8
22.Rc5xc8 Rd8xc8
23.Bd1b3 Kf7
24.Rf1f4 { draw }
1/2-1/2

[Event "Tourn. n8803"]
[Site "www.chess-mail.com"]
[Date "2016.06.26"]
[Round "1"]
[White "Faerieking"]
[Black "Numanoid"]
[WhiteElo "2290"]
[BlackElo "2450"]
[Result "1-0"]
[Round "1"]
1.e4 c6
2.Nb1c3 d5
3.d4 dxe4
4.Nc3xe4 Ng8f6
5.Ne4xf6 gxf6
6.c3 Qd8d5
7.Ng1f3 Rh8g8
8.g3 Bc8g4
9.Bf1g2 Nb8d7
10.Qd1e2 O-O-O
11.c4 Qd5e6
12.Bc1e3 Nd7b6
13.b3 Bg4h3
14.Bg2xh3 Qe6xh3
15.O-O-O e6
16.Kb2  { time }
1-0

[Event "Tourn. n8830"]
[Site "www.chess-mail.com"]
[Date "2016.06.26"]
[Round "1"]
[White "Kampungboy"]
[Black "Gatrooper"]
[WhiteElo "1849"]
[BlackElo "1630"]
[Result "1-0"]
[Round "1"]
1.e4 e5
2.f4 exf4
3.Ng1f3 Nb8c6
4.d4 d6
5.Bc1xf4 Bc8g4
6.Bf1e2 Bg4xf3
7.Be2xf3 h6
8.Nb1c3 Ng8f6
9.e5 dxe5
10.dxe5 Qd8xd1
11.Ra1xd1 Nf6d7
12.Nc3b5 O-O-O
13.e6 fxe6
14.Bf4xc7 Rd8e8
15.Bf3h5 Re8e7
16.Bc7d6 g6
17.Bd6xe7 Bf8xe7
18.Bh5xg6 Be7h4
19.g3 Bh4g5
20.O-O Bg5e3
21.Kg2 Nd7e5
22.Bg6f7 a6
23.Bf7xe6 Kb8
24.Nb5d6 Ka7
25.Rd1d5 h5
26.Rf1e1 Be3b6
27.Rd5xe5 Nc6xe5
28.Re1xe5 Bb6c7
29.Re5d5 Rh8h6
30.Nd6c8 Kb8
31.Be6h3 h4
32.Nc8e7 hxg3
33.hxg3 Ka7
34.Rd5d7 Bc7a5
35.Bh3f5 Ba5b4
36.Bf5e4 Rh6b6
37.Ne7c8 Kb8
38.Nc8xb6 Ka7
39.Rd7xb7 { resign }
1-0

[Event "Tourn. n8715"]
[Site "www.chess-mail.com"]
[Date "2016.06.26"]
[Round "1"]
[White "Seger"]
[Black "Rons"]
[WhiteElo "2730"]
[BlackElo "2580"]
[Result "1-0"]
[Round "1"]
1.e4 c5
2.Ng1f3 d6
3.Nb1c3 Nb8c6
4.d4 cxd4
5.Nf3xd4 Ng8f6
6.Bf1b5 Bc8d7
7.O-O g6
8.Bc1e3 Bf8g7
9.Bb5e2 O-O
10.Rf1e1 Ra8c8
11.Qd1d2 Nf6g4
12.Nd4xc6 Rc8xc6
13.Be2xg4 Bg7xc3
14.bxc3 Bd7xg4
15.Be3h6 Rf8e8
16.Qd2d4 e5
17.Qd4xa7 Rc6xc3
18.Qa7xb7 Re8e7
19.Qb7b1 Re7a7
20.Bh6d2 Rc3c4
21.Bd2b4 Ra7d7
22.c3 d5
23.h3 Bg4e6
24.exd5 Rd7xd5
25.a4 Rc4f4
26.Re1d1 Kg7
27.Rd1xd5 Be6xd5
28.Qb1f1 Rf4f5
29.Ra1d1 Qd8a8
30.c4 Bd5e6
31.a5 Rf5g5
32.g3 h6
33.Rd1d6 Qa8b7
34.Bb4d2 Be6xh3
35.a6 Qb7f3
36.Qf1xh3 Rg5h5
37.Qh3xh5 gxh5
38.Bd2xh6 Kh7
39.Bh6e3 h4
40.Rd6h6 Kg7
41.Rh6xh4 Qf3a8
42.a7 f6
43.g4 Qa8g8
44.Kg2 { resign }
1-0

[Event "Tourn. n8708"]
[Site "www.chess-mail.com"]
[Date "2016.06.26"]
[Round "1"]
[White "Seger"]
[Black "Greghghs"]
[WhiteElo "2730"]
[BlackElo "2350"]
[Result "1-0"]
[Round "1"]
1.e4 e5
2.Ng1f3 Nb8c6
3.Bf1b5 f5
4.d3 fxe4
5.dxe4 Ng8f6
6.O-O Bf8c5
7.Bb5xc6 bxc6
8.Nf3xe5 O-O
9.Bc1g5 Qd8e8
10.Bg5xf6 Rf8xf6
11.Ne5d3 Bc5d4
12.Nb1d2 d5
13.exd5 cxd5
14.Rf1e1 Qe8f7
15.Nd2f3 Bc8g4
16.c3 Bg4xf3
17.gxf3 Rf6g6
18.Kh1 Bd4f6
19.Qd1e2 Ra8b8
20.Qe2e6 Qf7xe6
21.Re1xe6 c5
22.Ra1e1 Kf7
23.Re6d6 Rg6g5
24.Rd6d7 Kg6
25.Re1e2 d4
26.c4 a5
27.Rd7a7 Bf6d8
28.Re2e8 Bd8b6
29.Re8xb8 Bb6xa7
30.Rb8b7 { resign }
1-0

[Event "Tourn. n8719"]
[Site "www.chess-mail.com"]
[Date "2016.06.26"]
[Round "1"]
[White "Genius2"]
[Black "Sandokam"]
[WhiteElo "1920"]
[BlackElo "2089"]
[Result "0-1"]
[Round "1"]
1.Ng1f3 d5
2.g3 g6
3.Bf1g2 Bf8g7
4.d4 Ng8f6
5.Nf3e5 O-O
6.O-O c6
7.b3 Nb8d7
8.Bc1b2 Qd8c7
9.Ne5xd7 Bc8xd7
10.Nb1d2 e5
11.dxe5 Nf6g4
12.Nd2f3 Ng4xe5
13.Bb2xe5 Bg7xe5
14.Nf3xe5 Qc7xe5
15.e3 Rf8e8
16.Rf1e1 Bd7f5
17.Qd1d2 Qe5b2
18.Re1c1 Re8d8
19.Qd2d4 Qb2xd4
20.exd4 Rd8e8
21.Kf1 Re8e6
22.h3 Ra8e8
23.g4 Bf5e4
24.Bg2xe4 Re6xe4
25.Rc1e1 Re8e6
26.Re1xe4 Re6xe4
27.c3 Kg7
28.Ra1e1 Re4xe1
29.Kxe1 h5
30.f3 Kf6
31.Kf2 Kg5
32.Kg3 h4
33.Kf2 Kf4
34.a4 b6
35.Kg2 g5
36.Kf2 f6
37.Kg2 Ke3
38.b4 a6
39.a5 b5
40.Kg1 Kxf3
41.Kf1 Kg3
{ resign }
0-1

[Event "Tourn. n8786"]
[Site "www.chess-mail.com"]
[Date "2016.06.26"]
[Round "1"]
[White "Romaamor69"]
[Black "Prize64"]
[WhiteElo "2200"]
[BlackElo "2370"]
[Result "1-0"]
[Round "1"]
1.d4 Ng8f6
2.Ng1f3 c5
3.Nb1c3 cxd4
4.Nf3xd4 Nb8c6
5.Nd4b5 a6
6.Nb5d4 e5
7.Nd4xc6 bxc6
8.e4 Bf8b4
9.Bf1d3 d5
10.Bc1d2 O-O
11.O-O d4
12.Nc3e2 Bb4xd2
13.Qd1xd2 c5
14.c3 Bc8b7
15.cxd4 cxd4
16.Ne2g3 g6
17.Ra1c1 Qd8d6
18.f3 Nf6d7
19.Rc1c2 Rf8c8
20.Rf1c1 Nd7c5
21.Qd2b4 a5
22.Qb4a3 Bb7a6
23.Bd3xa6 Ra8xa6
24.Rc2xc5 { resign }
1-0

[Event "Tourn. n8820"]
[Site "www.chess-mail.com"]
[Date "2016.06.26"]
[Round "1"]
[White "Picifarkinca"]
[Black "Genius2"]
[WhiteElo "2010"]
[BlackElo "2080"]
[Result "1-0"]
[Round "1"]
1.d4 d5
2.c4 c6
3.Nb1c3 e6
4.cxd5 exd5
5.Ng1f3 Ng8f6
6.Bc1g5 Bf8e7
7.e3 O-O
8.Bf1d3 Bc8g4
9.h3 Nb8d7
10.hxg4 { resign }
1-0

[Event "Tourn. n8798"]
[Site "www.chess-mail.com"]
[Date "2016.06.26"]
[Round "1"]
[White "Glenno"]
[Black "Huw"]
[WhiteElo "2430"]
[BlackElo "2310"]
[Result "1-0"]
[Round "1"]
1.e4 c5
2.Ng1f3 Nb8c6
3.d4 cxd4
4.Nf3xd4 g6
5.Nb1c3 Bf8g7
6.Bc1e3 Ng8f6
7.Bf1c4 O-O
8.Bc4b3 b6
9.f3 Bc8b7
10.Qd1d2 Ra8c8
11.O-O-O Qd8c7
12.g4 d6
13.g5 Nf6d7
14.Nc3b5 Qc7b8
15.Nd4e6 fxe6
16.Bb3xe6 Rf8f7
17.Be6xd7 Rf7xf3
18.Bd7xc8 Bb7xc8
19.Qd2d5 Kh8
20.Qd5xc6 Rf3xe3
21.Qc6e8 { resign }
1-0

[Event "Tourn. n8704"]
[Site "www.chess-mail.com"]
[Date "2016.06.26"]
[Round "1"]
[White "Emiondi"]
[Black "Obisporey"]
[WhiteElo "2260"]
[BlackElo "2600"]
[Result "0-1"]
[Round "1"]
1.d4 f5
2.c4 Ng8f6
3.g3 g6
4.Bf1g2 Bf8g7
5.Ng1f3 O-O
6.O-O d6
7.Nb1c3 c6
8.d5 Bc8d7
9.Ra1b1 cxd5
10.cxd5 Nb8a6
11.b3 Ra8c8
12.Bc1b2 Qd8b6
13.e3 Na6c5
14.Nf3d4 Nf6e4
15.Nc3xe4 Nc5xe4
16.Bg2xe4 fxe4
17.Nd4e6 Bd7xe6
18.dxe6 Bg7xb2
19.Rb1xb2 Qb6c5
20.Qd1d4 Qc5xd4
21.exd4 d5
22.Rf1e1 Kg7
23.Re1e3 Rc8c1
24.Kg2 Rc1d1
25.Rb2c2 Rd1xd4
26.Rc2c7 Rd4d2
27.Rc7xe7 Kf6
28.Re7f7 Rf8xf7
29.exf7 Kxf7
30.a4 Rd2d3
31.Re3xd3 exd3
{ resign }
0-1

[Event "Tourn. n8684"]
[Site "www.chess-mail.com"]
[Date "2016.06.26"]
[Round "1"]
[White "Conde7"]
[Black "Szustan"]
[WhiteElo "2840"]
[BlackElo "2620"]
[Result "1/2-1/2"]
[Round "1"]
1.e4 e5
2.Ng1f3 Nb8c6
3.Bf1b5 a6
4.Bb5a4 Ng8f6
5.d3 d6
6.c4 Bf8e7
7.h3 O-O
8.Bc1e3 Nc6a7
9.O-O b5
10.Be3xa7 Ra8xa7
11.cxb5 axb5
12.Ba4xb5 c6
13.Bb5a4 Qd8b6
14.Ba4b3 Nf6d7
15.Nb1d2 Nd7c5
16.Qd1c2 Rf8d8
17.Rf1e1 Nc5xb3
18.axb3 Ra7xa1
19.Re1xa1 Bc8d7
20.Nd2c4 Qb6b7
21.d4 exd4
22.Nf3xd4 c5
23.Nd4e2 d5
24.exd5 Qb7xd5
25.Ne2c3 Qd5g5
26.Nc3e4 Qg5f4
27.Nc4e3 Bd7c6
28.Ne4xc5 Be7d6
29.Ne3g4 Qf4d4
30.Nc5a4 Qd4d5
31.Ng4e3 Qd5e5
32.g3 Bc6f3
33.Qc2f5 Qe5xf5
34.Ne3xf5 Bd6f8
35.Nf5e3 Rd8b8
36.Ne3c4 Bf3d5
37.Na4b6 Bd5e6
38.Kg2 g6
39.Ra1d1 Rb8b7
40.Rd1d3 Bf8c5
41.Nb6a4 Bc5e7
42.Nc4d2 Kg7
{ draw }
1/2-1/2

[Event "Match"]
[Site "www.echecsemail.com"]
[Date "2016.06.26"]
[Round "1"]
[White "Willyp"]
[Black "Gambitmiau"]
[WhiteElo "1889"]
[BlackElo "1880"]
[Result "1-0"]
[Round "1"]
1.e4 Nb8c6
2.d4 d5
3.Nb1c3 dxe4
4.d5 Nc6b4
5.a3 Nb4a6
6.Bf1b5 c6
7.dxc6 Ra8b8
8.c7 { resign }
1-0

[Event "Match"]
[Site "www.echecsemail.com"]
[Date "2016.06.26"]
[Round "1"]
[White "Jhzes"]
[Black "Guidom"]
[WhiteElo "1840"]
[BlackElo "2090"]
[Result "1/2-1/2"]
[Round "1"]
1.f4 d5
2.h3 e5
3.h4 exf4
4.Ng1f3 Bc8g4
5.e3 fxe3
6.dxe3 Qd8d6
7.Bf1e2 Qd6g3
8.Kf1 Ng8f6
9.Nb1c3 Bf8b4
10.Bc1d2 Bb4xc3
11.Bd2xc3 Nf6e4
12.Bc3e1 Qg3d6
13.Be2d3 Ne4g3
14.Be1xg3 Qd6xg3
15.Bd3e2 c6
16.c3 Nb8d7
17.Nf3g5 Bg4xe2
18.Qd1xe2 Nd7f6
19.Rh1h3 Qg3e5
20.Ra1d1 { draw }
1/2-1/2

[Event "Match"]
[Site "www.echecsemail.com"]
[Date "2016.06.26"]
[Round "1"]
[White "Jhzes"]
[Black "Add"]
[WhiteElo "1809"]
[BlackElo "1990"]
[Result "1/2-1/2"]
[Round "1"]
1.d4 c6
2.Ng1f3 d6
3.e4 h6
4.b3 a6
5.Bc1b2 e5
6.dxe5 Bc8g4
7.exd6 Bg4xf3
8.gxf3 f6
9.e5 fxe5
10.Bb2xe5 Qd8d7
11.h4 Qd7e6
12.Qd1d4 Ng8f6
13.Bf1c4 Qe6f5
14.Qd4f4 Qf5xf4
15.Be5xf4 Nb8d7
16.Nb1d2 O-O-O
17.O-O-O Nf6d5
18.Bc4xd5 cxd5
19.c4 Nd7c5
20.Kc2 Bf8xd6
21.Bf4xd6 Rd8xd6
22.Nd2e4 Nc5xe4
23.fxe4 Rd6d7
24.Rd1xd5 Rh8f8
25.Rh1h2 Rd7f7
26.Rd5d2 Rf7f4
27.e5 Rf4e4
28.Rd2d5 Re4e2
29.Kb1 Re2xf2
30.Rh2xf2 Rf8xf2
31.e6 Rf2e2
32.Rd5d6 g5
33.e7 Re2xe7
34.Rd6xh6 gxh4
35.Rh6xh4 Kc7
36.Rh4d4 Kc6
37.b4 Re7e5
38.c5 Re5e6
39.a4 b5
40.axb5 axb5
41.Kc2 Re6e3
42.Kd2 Re3b3
43.Kc2 { draw }
1/2-1/2

[Event "Match"]
[Site "www.echecsemail.com"]
[Date "2016.06.26"]
[Round "1"]
[White "Biggles"]
[Black "Jhzes"]
[WhiteElo "2060"]
[BlackElo "1900"]
[Result "1/2-1/2"]
[Round "1"]
1.e4 e5
2.d4 exd4
3.c3 dxc3
4.Bf1c4 Bf8b4
5.Nb1xc3 Bb4xc3
6.bxc3 Nb8c6
7.Ng1f3 Ng8f6
8.O-O Nf6xe4
9.Bc4xf7 Kf8
10.Bc1a3 d6
11.Qd1d5 Ne4xc3
12.Qd5h5 Nc3e2
13.Kh1 Ne2f4
14.Qh5b5 Kxf7
15.Rf1e1 Nf4e6
16.Ba3c1 Qd8f6
17.Bc1g5 Ne6xg5
18.Nf3xg5 Kg6
19.h4 Qf6xf2
20.h5 Kh6
21.Re1e4 Rh8f8
22.Ra1e1 Qf2xa2
23.Re4e6 Bc8xe6
24.Re1xe6 g6
25.hxg6 hxg6
26.Re6e3 Qa2a1
27.Kh2 Nc6d4
28.Re3h3 Kg7
29.Rh3h7 Kf6
30.Ng5e4 Ke6
31.Ne4g5 Kf6
{ draw }
1/2-1/2

[Event "Match"]
[Site "www.echecsemail.com"]
[Date "2016.06.26"]
[Round "1"]
[White "Robinjut"]
[Black "Cal"]
[WhiteElo "1480"]
[BlackElo "1550"]
[Result "1-0"]
[Round "1"]
1.e4 e5
2.Ng1f3 d6
3.Bf1d3 h6
4.h3 Ng8f6
5.Nb1c3 c6
6.b3 Bc8e6
7.Bc1b2 b5
8.b4 a6
9.Qd1e2 Bf8e7
10.O-O-O d5
11.Rh1e1 Qd8b6
12.a3 Nb8d7
13.exd5 cxd5
14.Nf3xe5 O-O
15.Ne5xd7 Be6xd7
16.Qe2xe7 Bd7e6
17.Re1e5 Ra8a7
18.Qe7c5 Qb6b7
19.Rd1e1 Rf8c8
20.Qc5e3 Rc8c6
21.f4 Nf6d7
22.Re5h5 Nd7f6
23.Rh5e5 Ra7a8
24.f5 Ra8e8
25.fxe6 Rc6xe6
26.Nc3e2 Nf6d7
27.Re5xe6 fxe6
28.Qe3g3 e5
29.Ne2f4 Re8e7
30.Nf4g6 Re7e6
31.Ng6xe5 Nd7f6
32.Bd3f5 Re6e7
33.Ne5f3 Re7xe1
34.Nf3xe1 Kf7
35.Qg3g6 Kf8
36.Bb2xf6 gxf6
37.Qg6xh6 Qb7g7
38.Qh6xg7 Kxg7
39.Bf5c8 Kg6
40.Bc8xa6 { resign }
1-0

[Event "Match"]
[Site "www.echecsemail.com"]
[Date "2016.06.26"]
[Round "1"]
[White "Karlgrocer"]
[Black "Norwich"]
[WhiteElo "2050"]
[BlackElo "1690"]
[Result "0-1"]
[Round "1"]
1.Ng1f3 g6
2.d4 Bf8g7
3.e3 d6
4.Bf1e2 c6
5.O-O Ng8f6
6.Nb1d2 O-O
7.c4 Nb8d7
8.e4 e5
9.d5 cxd5
10.cxd5 Nd7c5
11.Qd1c2 Qd8b6
12.Nd2c4 Qb6d8
13.Be2d3 Nc5xd3
14.Qc2xd3 Bc8g4
15.Bc1g5 h6
16.Bg5xf6 Bg7xf6
17.Nf3d2 b5
18.Nc4e3 Bg4d7
19.Rf1c1 Qd8e7
20.Rc1c2 a6
21.Ra1c1 Rf8c8
22.f3 Bf6g5
23.Rc2xc8 Ra8xc8
24.Rc1xc8 Bd7xc8
25.Nd2b3 Qe7a7
26.Kf2 a5
27.g3 a4
28.Nb3c1 Bc8a6
29.Qd3d2 b4
30.h4 Bg5xe3
31.Qd2xe3 Qa7c7
32.Qe3d2 Qc7c4
33.b3 Qc4f1
34.Ke3 Qf1g1
35.Qd2f2 Qg1xc1
36.Qf2d2 Qc1xd2
37.Kxd2 axb3
{ resign }
0-1

[Event "1/128 Finale"]
[Site "www.chess-mail.com"]
[Date "2016.06.26"]
[Round "1"]
[White "Sportuga"]
[Black "Gatrooper"]
[WhiteElo "1499"]
[BlackElo "1550"]
[Result "1-0"]
[Round "1"]
1.e4 e5
2.d4 exd4
3.f4 d6
4.Ng1f3 Nb8c6
5.Bf1d3 a6
6.O-O h6
7.Nb1d2 Ng8f6
8.h3 Bf8e7
9.Nd2b3 Bc8e6
10.Nb3xd4 Nc6xd4
11.Nf3xd4 O-O
12.e5 dxe5
13.Nd4xe6 fxe6
14.fxe5 Nf6d5
15.Rf1xf8 Be7xf8
16.Qd1g4 g5
17.Qg4xe6 Kh8
18.b3 Bf8c5
19.Kh1 Bc5d4
20.Qe6xh6 Kg8
21.Bd3h7 Kf7
22.Qh6g6 Ke7
23.Bc1xg5 Nd5f6
24.Bg5xf6 Kd7
25.Bf6xd8 Bd4xa1
26.Qg6f7 Kxd8
27.e6 Kc8
28.Qf7e8 { resign }
1-0

[Event "Eq:chibcha-Los Tercios : "]
[Site "www.chess-mail.com"]
[Date "2016.06.26"]
[Round "1"]
[White "Stevefillion"]
[Black "Karlgrocer"]
[WhiteElo "2370"]
[BlackElo "2100"]
[Result "1-0"]
[Round "1"]
1.e4 c5
2.Ng1f3 d6
3.d4 cxd4
4.Nf3xd4 Ng8f6
5.Nb1c3 g6
6.Bf1c4 Bf8g7
7.h3 O-O
8.Bc4b3 b6
9.O-O Bc8b7
10.Rf1e1 Nb8d7
11.Bc1g5 Nd7c5
12.f3 Qd8d7
13.Qd1d2 a6
14.Ra1d1 Nc5xb3
15.axb3 b5
16.Nd4e2 Qd7c7
17.Qd2e3 Rf8e8
18.Rd1d2 Nf6d7
19.Qe3f2 Nd7c5
20.Ne2f4 f6
21.Nf4d5 Qc7d8
22.Bg5e3 Nc5e6
23.f4 Ra8c8
24.Be3b6 Qd8d7
25.h4 Bb7xd5
26.Nc3xd5 Ne6c7
27.Nd5xc7 Rc8xc7
28.Bb6xc7 Qd7xc7
29.Qf2d4 f5
30.Qd4d5 Kh8
31.exf5 gxf5
32.Qd5f7 Qc7c5
33.Kh1 Re8f8
34.Qf7xe7 Qc5b4
35.Qe7xd6 Qb4xd6
36.Rd2xd6 { resign }
1-0

[Event "Tourn. n8761"]
[Site "www.chess-mail.com"]
[Date "2016.06.27"]
[Round "1"]
[White "Mitja"]
[Black "Claudia"]
[WhiteElo "1890"]
[BlackElo "1830"]
[Result "1-0"]
[Round "1"]
1.d4 d5
2.e3 e6
3.Ng1f3 Ng8f6
4.c3 Bf8e7
5.Nb1d2 O-O
6.Nd2b3 b6
7.Bf1d3 Bc8b7
8.Qd1c2 Nb8d7
9.Nf3g5 h6
10.Ng5h7 Nf6xh7
11.Bd3xh7 Kh8
12.Bh7d3 c5
13.dxc5 bxc5
14.Bd3e2 Nd7f6
15.Be2f3 Qd8c7
16.Nb3d2 Bb7a6
17.b3 Ra8b8
18.Bc1b2 Rf8c8
19.Qc2d1 Qc7e5
20.Bf3e2 Ba6xe2
21.Qd1xe2 Be7d6
22.Nd2f3 Qe5h5
23.Qe2a6 Nf6e4
24.Qa6xa7 c4
25.b4 Qh5g6
26.O-O Qg6h5
27.h3 g5
28.Qa7d4 Kg8
29.Nf3e5 f6
30.Ne5d7 g4
31.Qd4xe4 dxe4
32.Nd7xf6 Kf7
33.Nf6xh5 gxh3
34.gxh3 Rc8g8
35.Kh1 Rg8g5
36.Nh5g3 Bd6xg3
37.fxg3 Ke7
38.g4 Rg5d5
39.Ra1d1 Rb8d8
40.Rd1d4 e5
41.Rd4xe4 Rd5d2
42.Re4xe5 Kd6
43.Re5c5 Rd2xb2
44.Rf1d1 Ke7
45.Rd1xd8 Kxd8
46.Rc5xc4 Rb2xa2
47.Rc4c6 Ra2e2
48.Rc6xh6 Re2xe3
49.Kg2 Re3xc3
50.b5 { resign }
1-0

[Event "Tourn. n8848"]
[Site "www.chess-mail.com"]
[Date "2016.06.27"]
[Round "1"]
[White "Mitja"]
[Black "Guidom"]
[WhiteElo "1970"]
[BlackElo "2030"]
[Result "0-1"]
[Round "1"]
1.d4 d5
2.e3 c6
3.h3 Bc8f5
4.Ng1e2 Ng8f6
5.Ne2g3 Bf5g6
6.c3 e6
7.Nb1d2 Bf8d6
8.Nd2b3 Bd6xg3
9.fxg3 Qd8d6
10.Qd1f3 Nf6e4
11.Qf3f4 Qd6xf4
12.gxf4 f5
13.Bf1e2 Ne4g3
14.Rh1g1 Nb8d7
15.Nb3d2 Nd7f6
16.Nd2f1 Nf6e4
17.Nf1xg3 Ne4xg3
18.Be2f3 O-O-O
19.Bc1d2 Rd8d7
20.Kf2 Ng3e4
21.Bf3xe4 dxe4
22.g4 b6
23.a3 c5
24.Ra1d1 Kb7
25.dxc5 Rh8d8
26.Ke1 bxc5
27.Ke2 c4
28.Bd2c1 Rd7d3
29.Rd1d2 Rd8d7
30.Ke1 Rd3xe3
31.Kf2 Re3d3
32.Rg1d1 e3
{ resign }
0-1

[Event "Tourn. n8749"]
[Site "www.chess-mail.com"]
[Date "2016.06.27"]
[Round "1"]
[White "Mrfunk"]
[Black "Seger"]
[WhiteElo "2510"]
[BlackElo "2750"]
[Result "0-1"]
[Round "1"]
1.e4 c5
2.Ng1f3 Nb8c6
3.Bf1b5 d6
4.O-O e5
5.c3 Qd8b6
6.Nb1a3 a6
7.Bb5xc6 Qb6xc6
8.d4 Qc6c7
9.dxe5 dxe5
10.Qd1d5 f6
11.Bc1e3 Ra8b8
12.Ra1d1 b5
13.Rd1d2 c4
14.Rf1d1 Qc7b7
15.Qd5d8 Kf7
16.Na3c2 Bf8e7
17.Qd8d5 Qb7xd5
18.exd5 Be7d6
19.b4 Ng8e7
20.Be3c5 Rh8d8
 { time }
0-1

[Event "Tourn. n8834"]
[Site "www.chess-mail.com"]
[Date "2016.06.27"]
[Round "1"]
[White "Redabond"]
[Black "Hansen"]
[WhiteElo "1640"]
[BlackElo "1590"]
[Result "1-0"]
[Round "1"]
1.d4 e6
2.Bc1f4 b6
3.Nb1c3 g5
4.Bf4g3 Bf8b4
5.Qd1d3 Nb8c6
6.O-O-O a5
7.a3 Bc8a6
8.Qd3f3 Bb4xc3
9.Qf3xc3 Ng8f6
10.e3 Nf6e4
11.Qc3e1 b5
12.f3 Ne4f6
13.Ng1e2 Nf6d5
14.e4 Nd5f6
15.d5 exd5
16.exd5 Nc6e7
17.d6 Ne7f5
18.dxc7 Qd8xc7
19.Bg3xc7 Nf5e3
20.Rd1d3 Ne3c4
21.Ne2f4 Kf8
22.Rd3c3 gxf4
23.Rc3d3 Ra8e8
24.Qe1h4 Re8e6
25.Rd3c3 Re6e1
26.Qh4xe1 Kg7
27.Bf1xc4 bxc4
28.Bc7xf4 Rh8e8
29.Rc3e3 Re8c8
30.Bf4e5 c3
31.Be5xc3 Ba6c4
32.Qe1g3 Kf8
33.Bc3xf6 { resign }
1-0

[Event "Tourn. n8802"]
[Site "www.chess-mail.com"]
[Date "2016.06.27"]
[Round "1"]
[White "Daquata"]
[Black "Mrmoto"]
[WhiteElo "1690"]
[BlackElo "1630"]
[Result "1-0"]
[Round "1"]
1.e4 e5
2.Ng1f3 Nb8c6
3.Bf1c4 Bf8c5
4.c3 Ng8f6
5.d3 d6
6.Bc1g5 Bc8g4
7.Nb1d2 Qd8e7
8.O-O O-O-O
9.h3 Bg4h5
10.b4 h6
11.Bg5xf6 Qe7xf6
12.bxc5 dxc5
13.Qd1a4 Kd7
14.Bc4b5 Ke7
15.Bb5xc6 Qf6xc6
16.Qa4xc6 bxc6
17.Nf3xe5 Kd6
18.Ne5c4 Ke7
19.Nc4e5 Rd8d6
20.Nd2c4 Rd6d8
21.Ne5xc6 Ke8
22.Nc6xd8 { resign }
1-0

[Event "Tourn. n8823"]
[Site "www.chess-mail.com"]
[Date "2016.06.27"]
[Round "1"]
[White "Cal"]
[Black "Redabond"]
[WhiteElo "1650"]
[BlackElo "1610"]
[Result "1-0"]
[Round "1"]
1.c4 d5
2.cxd5 Qd8xd5
3.d3 Nb8c6
4.Nb1c3 Qd5d8
5.e4 e5
6.a3 Ng8f6
7.b4 Bf8d6
8.Ng1f3 O-O
9.h3 Rf8e8
10.Bc1g5 h6
11.Bg5h4 g5
12.Bh4g3 Nc6d4
13.Nf3xd4 exd4
14.Nc3e2 Bd6xg3
15.Ne2xg3 Bc8e6
16.Bf1e2 c6
17.O-O Qd8d6
18.Ng3f5 Be6xf5
19.exf5 Qd6e5
20.Rf1e1 Qe5xf5
21.a4 g4
22.hxg4 Qf5d5
23.f4 Re8e3
24.Be2f3 Re3xe1
25.Qd1xe1 Qd5b3
26.Qe1e7 Kg7
27.g5 hxg5
28.fxg5 Nf6d5
29.Qe7e5 Kf8
30.Qe5h8 Ke7
31.Ra1e1 Kd6
32.Qh8xa8 Qb3xb4
33.Qa8f8 Kc7
34.Qf8xf7 Kb6
35.Qf7e6 Nd5f4
36.Qe6e4 Qb4xe1
37.Qe4xe1 { resign }
1-0

[Event "Tourn. n8806"]
[Site "www.chess-mail.com"]
[Date "2016.06.27"]
[Round "1"]
[White "Nulladies"]
[Black "Gatrooper"]
[WhiteElo "1559"]
[BlackElo "1550"]
[Result "1-0"]
[Round "1"]
1.d4 d5
2.Ng1f3 Nb8c6
3.Bc1f4 e6
4.c3 Bf8d6
5.Nf3e5 Bd6xe5
6.dxe5 h6
7.e3 a6
8.Nb1d2 f6
9.Nd2f3 fxe5
10.Nf3xe5 Nc6xe5
11.Bf4xe5 Ng8f6
12.Bf1e2 Bc8d7
13.Be2h5 Kf8
14.Qd1f3 Qd8e7
15.Be5xc7 Bd7e8
16.Bh5xe8 Ra8xe8
17.Bc7a5 Kg8
18.Ba5b4 Qe7f7
19.Bb4c5 Re8c8
20.Bc5d4 Qf7g6
21.Bd4xf6 gxf6
22.O-O-O Rh8h7
23.Rd1d4 Rh7g7
24.g3 e5
25.Rd4xd5 b5
26.Rh1d1 b4
27.Kd2 bxc3
28.bxc3 Kh7
29.e4 Rc8c7
30.Kc2 Rc7c6
31.Rd5d6 Rg7c7
32.Rd1d3 Rc6xd6
33.Rd3xd6 Kg7
34.Rd6xa6 Qg6f7
35.Qf3g4 Kh7
36.Qg4f5 Kg7
37.Qf5g4 Kh7
38.f4 Qf7c4
39.Qg4f5 Kg8
40.Qf5g6 Kf8
41.Qg6xf6 Rc7f7
42.Ra6a8 { resign }
1-0

[Event "Tourn. n8796"]
[Site "www.chess-mail.com"]
[Date "2016.06.27"]
[Round "1"]
[White "Genius9"]
[Black "Awfen"]
[WhiteElo "1820"]
[BlackElo "2020"]
[Result "0-1"]
[Round "1"]
1.Ng1f3 d5
2.g3 Nb8c6
3.d4 Bc8g4
4.Bf1g2 Ng8f6
5.O-O e6
6.Nb1d2 Bf8d6
7.h3 Bg4h5
8.c4 O-O
9.a3 b6
10.cxd5 exd5
11.b4 b5
12.Nd2b3 Nf6e4
13.Bc1b2 Qd8c8
14.Nb3c5 Ne4f6
15.Ra1c1 Nc6e7
16.Qd1c2 Bh5g6
17.Rf1d1 Bg6xc2
{ resign }
0-1